MARC

LEADER 00000nas a2200000 a 4500
001 ssj0002034
003 WaSeSS
005 20200512172242.0
006 m d
007 cr n
008 930202c19829999caufr pss 0 a0eng c
010 |a sn 93004785  
016 7 |a 2002688-2  |2 DE-600 
022 |a 1067-8344  |l 0278-6656  |y 0278-6656 
035 |a (WaSeSS)ssj0002034 
037 |b University of California Press, 2000 Center St., Ste. 303, Berkeley, CA 94704-1223  |c $88.00(institution) 
040 |a NSD  |b eng  |c NSD  |d OCL  |d NSD  |d OCLCQ  |d F#A  |d OCLCQ  |d EYM  |d OCLCQ  |d DLC  |d OCLCF  |d OCLCO  |d EUW  |d OCLCO  |d OCLCQ  |d CUS  |d CKK  |d GILDS  |d OCLCO  |d AU@  |d VT2  |d WaSeSS 
042 |a nsdp  |a pcc 
043 |a e-gr---  |a e------  |a aw-----  |a ff----- 
050 1 4 |a DE1 
082 1 0 |a 938  |2 13 
130 0 |a Classical antiquity (Online) 
210 0 |a Classical antiq.  |b (Online) 
222 0 |a Classical antiquity  |b (Online) 
245 1 0 |a Classical antiquity  |h [electronic resource]. 
260 |a Berkeley, CA :  |b University of California Press,  |c 1982- 
310 |a Semiannual 
362 0 |a Vol. 1, no. 1 (Apr. 1982)- 
500 |a Title from cover (JSTOR, viewed Nov. 21, 2008). 
506 |a License restrictions may limit access. 
515 |a Vol. 14, no. 1- also called v. 26, no. 1- continuing the numbering of the earlier title: California studies in classical antiquity. 
538 |a Mode of access: World Wide Web. 
588 |a Latest issue consulted: Vol. 23, no. 2 (Oct. 2004) (JSTOR, viewed Nov. 21, 2008). 
648 7 |a To 146 B.C.  |2 fast 
650 0 |a Classical antiquities  |v Periodicals. 
650 0 |a Classical philology  |v Periodicals. 
650 7 |a Civilization.  |2 fast  |0 (OCoLC)fst00862898 
650 7 |a Classical antiquities.  |2 fast  |0 (OCoLC)fst00863445 
650 7 |a Classical philology.  |2 fast  |0 (OCoLC)fst00863532 
651 0 |a Greece  |x Civilization  |y To 146 B.C.  |v Periodicals. 
651 0 |a Rome  |x Civilization  |v Periodicals. 
651 7 |a Greece.  |2 fast  |0 (OCoLC)fst01208380 
651 7 |a Rome (Empire)  |2 fast  |0 (OCoLC)fst01204885 
655 0 |a Electronic journals. 
776 0 8 |i Print version, 1982-2016:  |t Classical antiquity  |x 0278-6656  |w (DLC) 83640320  |w (OCoLC)7870789 
780 0 0 |t California studies in classical antiquity (Online)  |x 2330-1953  |w (DLC) 2008234466  |w (OCoLC)61283824 
856 4 0 |z Full text available from Research Library: 04/01/2002 to 10/31/2012  |u https://search.proquest.com/publication/37381